| 000 | 00754nam a22002297a 4500 | ||
|---|---|---|---|
| 003 | OSt | ||
| 005 | 20250604023056.0 | ||
| 008 | 250505t2018 |||o|||| | || 00| ||e|g dd d | ||
| 020 | _a978-178023-928-6 | ||
| 040 | _cJMCFI - Learning Resource Center | ||
| 082 | _aeBook 338.4791 Sa115 2018 | ||
| 100 |
_aSaberi, Helen _934937 |
||
| 245 |
_aTeatimes : _ba world tour _h[electronic resource] / _cHelen Saberi. |
||
| 260 |
_aLondon : _bReaktion Books, _c2018. |
||
| 300 | _a1 online resource (253 pages). | ||
| 650 |
_aTourism. _91475 |
||
| 650 |
_aInternational tourism. _934890 |
||
| 650 |
_aTourism eBook. _932316 |
||
| 650 |
_aiG Publishing. _933537 |
||
| 856 | _uhttps://portal.igpublish.com/iglibrary/reader/REAKTIONB0000774/1 | ||
| 942 |
_2ddc _cEBKS _n0 |
||
| 999 |
_c10924 _d10924 |
||